000 00797nam a22002897a 4500
001 BR0902172
003 BR-BrBNA
005 20230928102930.0
007 ta
008 230509b bl.||||| |||| 00| 0 por d
040 _aBR-BrBNA
_bpor
_cBiblioteca Nacional de Agricultura
041 _a(Por)
072 _aK10; E14
090 _ K10 BR0902172
110 1 _aEditora WDS Ltda., Ribeirão Preto, SP (Brasil)
245 1 _aOpiniões sobre os clusters florestais
260 3 _aRibeirão Preto, SP (Brasil):
_c2008.
300 _a46 p.
650 _aFLORESTA
650 _aPOLÍTICA FLORESTAL
650 _aDESENVOLVIMENTO FLORESTAL
650 _aEXPORTAÇÃO
650 _aPRODUTO FLORESTAL
650 _aINDÚSTRIA FLORESTAL
909 _a202309
_bLucia
_c55
_dLucia Elande
942 _cBK
999 _c73035
_d73035